[Event "U14 Polish Youth Championship"]
[Site "chess24.com"]
[Date "2018.04.30"]
[Round "3"]
[White "Kania, Dominik"]
[Black "Jozefczyk, Szymon"]
[Result "1-0"]
[Board "18"]
[WhiteElo "1758"]
[WhiteCountry "POL"]
[WhiteFideId "21845204"]
[WhiteEloChange "5"]
[BlackElo "1562"]
[BlackCountry "POL"]
[BlackFideId "21837171"]
[BlackEloChange "-5"]

1. d4 {[%clk 1:30:57]} d5 {[%clk 1:30:52]} 2. Bf4 {[%clk 1:31:23]} Nf6 {[%clk
1:31:05]} 3. e3 {[%clk 1:31:48]} e6 {[%clk 1:31:19]} 4. Nd2 {[%clk 1:32:14]} Nbd7
{[%clk 1:29:30]} 5. Ngf3 {[%clk 1:31:00]} Be7 {[%clk 1:27:44]} 6. h3 {[%clk
1:30:33]} O-O {[%clk 1:25:50]} 7. Bd3 {[%clk 1:27:38]} c5 {[%clk 1:24:25]} 8. c3
{[%clk 1:26:57]} b6 {[%clk 1:18:42]} 9. O-O {[%clk 1:25:16]} Bb7 {[%clk 1:17:00]}
10. Qe2 {[%clk 1:21:22]} Qc8 {[%clk 1:10:29]} 11. Ne5 {[%clk 1:17:21]} Nxe5
{[%clk 1:08:39]} 12. Bxe5 {[%clk 1:16:18]} Nd7 {[%clk 1:05:59]} 13. Bg3 {[%clk
1:16:38]} f5 {[%clk 0:58:43]} 14. Rae1 {[%clk 1:10:57]} Bf6 {[%clk 0:54:16]} 15.
f3 {[%clk 1:07:42]} Re8 {[%clk 0:50:58]} 16. Bf2 {[%clk 1:04:33]} g6 {[%clk
0:48:58]} 17. e4 {[%clk 1:02:07]} Bg7 {[%clk 0:46:01]} 18. e5 {[%clk 0:54:48]} a5
{[%clk 0:42:08]} 19. f4 {[%clk 0:49:59]} a4 {[%clk 0:37:21]} 20. g4 {[%clk
0:49:21]} Ba6 {[%clk 0:33:27]} 21. gxf5 {[%clk 0:48:57]} exf5 {[%clk 0:31:13]}
22. c4 {[%clk 0:46:01]} dxc4 {[%clk 0:29:12]} 23. Bxc4+ {[%clk 0:44:48]} Bxc4
{[%clk 0:29:29]} 24. Nxc4 {[%clk 0:44:44]} Bf8 {[%clk 0:29:30]} 25. d5 {[%clk
0:39:47]} Nf6 {[%clk 0:26:50]} 26. Nxb6 {[%clk 0:38:36]} Qa6 {[%clk 0:25:37]} 27.
Nxa8 {[%clk 0:36:47]} Qxa8 {[%clk 0:25:39]} 28. d6 {[%clk 0:34:31]} Ne4 {[%clk
0:25:21]} 29. Qc4+ {[%clk 0:32:29]} Kh8 {[%clk 0:24:46]} 30. Bh4 {[%clk 0:29:26]}
Nd2 {[%clk 0:22:47]} 31. Bf6+ {[%clk 0:29:02]} Bg7 {[%clk 0:23:13]} 32. Qf7
{[%clk 0:28:37]} Rg8 {[%clk 0:23:40]} 33. d7 {[%clk 0:27:41]} Nf3+ {[%clk
0:23:54]} 34. Rxf3 {[%clk 0:27:58]} Qxf3 {[%clk 0:24:06]} 35. Qxg7+ {[%clk
0:28:02]} Rxg7 {[%clk 0:24:29]} 36. d8Q# {[%clk 0:28:26]} 1-0

[Event "U14 Polish Youth Championship"]
[Site "chess24.com"]
[Date "2018.04.30"]
[Round "3"]
[White "Bachor, Tomasz"]
[Black "Skawinski, Szymon"]
[Result "1-0"]
[Board "19"]
[WhiteElo "1953"]
[WhiteCountry "POL"]
[WhiteFideId "21814694"]
[WhiteEloChange "2"]
[BlackElo "1399"]
[BlackCountry "POL"]
[BlackFideId "21802149"]
[BlackEloChange "-2"]

1. e4 {[%clk 1:30:58]} e5 {[%clk 1:30:50]} 2. Nf3 {[%clk 1:31:24]} Nc6 {[%clk
1:30:58]} 3. Bb5 {[%clk 1:31:50]} a6 {[%clk 1:31:17]} 4. Bxc6 {[%clk 1:32:15]}
dxc6 {[%clk 1:31:36]} 5. O-O {[%clk 1:32:39]} Bg4 {[%clk 1:30:57]} 6. h3 {[%clk
1:33:02]} h5 {[%clk 1:31:03]} 7. d3 {[%clk 1:33:24]} Qf6 {[%clk 1:31:10]} 8. Be3
{[%clk 1:33:37]} Bxf3 {[%clk 1:31:14]} 9. Qxf3 {[%clk 1:34:01]} Qxf3 {[%clk
1:31:32]} 10. gxf3 {[%clk 1:34:27]} Bd6 {[%clk 1:31:27]} 11. Nd2 {[%clk 1:34:30]}
Ne7 {[%clk 1:30:43]} 12. Rfb1 {[%clk 1:32:38]} Ng6 {[%clk 1:23:01]} 13. b4 {[%clk
1:30:14]} Kd7 {[%clk 1:18:36]} 14. a4 {[%clk 1:27:39]} b5 {[%clk 1:13:02]} 15.
Kf1 {[%clk 1:24:12]} f6 {[%clk 1:11:56]} 16. Ke2 {[%clk 1:22:09]} Nh4 {[%clk
1:09:25]} 17. c3 {[%clk 1:18:41]} g5 {[%clk 1:04:53]} 18. Nb3 {[%clk 1:16:38]}
Rhg8 {[%clk 0:59:43]} 19. Rg1 {[%clk 1:14:40]} Ng6 {[%clk 0:49:46]} 20. Ra2
{[%clk 1:05:22]} Nf4+ {[%clk 0:45:34]} 21. Bxf4 {[%clk 1:03:32]} gxf4 {[%clk
0:45:15]} 22. Rga1 {[%clk 1:02:58]} Rab8 {[%clk 0:42:30]} 23. axb5 {[%clk
1:02:33]} axb5 {[%clk 0:42:46]} 24. Ra6 {[%clk 1:01:13]} Rg2 {[%clk 0:39:14]} 25.
Rh1 {[%clk 0:57:01]} Be7 {[%clk 0:36:42]} 26. d4 {[%clk 0:53:56]} Bd6 {[%clk
0:33:31]} 27. Nc5+ {[%clk 0:53:40]} Ke7 {[%clk 0:29:18]} 28. Nd3 {[%clk 0:44:55]}
Kd7 {[%clk 0:27:38]} 29. Rd1 {[%clk 0:43:22]} Re8 {[%clk 0:26:35]} 30. Nc5+
{[%clk 0:42:50]} Ke7 {[%clk 0:26:12]} 31. Rxc6 {[%clk 0:41:28]} Ra8 {[%clk
0:24:56]} 32. Ra6 {[%clk 0:39:40]} Rxa6 {[%clk 0:25:06]} 33. Nxa6 {[%clk
0:40:06]} Rh2 {[%clk 0:25:22]} 34. Rg1 {[%clk 0:38:59]} Rxh3 {[%clk 0:24:19]} 35.
Rg7+ {[%clk 0:38:55]} Kf8 {[%clk 0:24:29]} 36. Rd7 {[%clk 0:37:24]} Ke8 {[%clk
0:24:01]} 37. Rh7 {[%clk 0:37:14]} c6 {[%clk 0:22:25]} 38. Nc7+ {[%clk 0:33:31]}
Kd8 {[%clk 0:21:44]} 39. Ne6+ {[%clk 0:32:42]} Kc8 {[%clk 0:21:58]} 40. d5 {[%clk
0:31:17]} cxd5 {[%clk 0:21:07]} 41. exd5 {[%clk 0:31:41]} e4 {[%clk 0:20:30]} 42.
Nd4 {[%clk 0:30:04]} exf3+ {[%clk 0:18:48]} 43. Kd3 {[%clk 0:23:44]} Rh2 {[%clk
0:16:51]} 44. Nxb5 {[%clk 0:22:41]} Be5 {[%clk 0:16:18]} 45. d6 {[%clk 0:22:16]}
f5 {[%clk 0:14:49]} 46. d7+ {[%clk 0:21:03]} Kd8 {[%clk 0:15:11]} 47. Na7 {[%clk
0:21:22]} Bf6 {[%clk 0:14:22]} 48. Nc6+ {[%clk 0:21:35]} Kc7 {[%clk 0:14:20]} 49.
d8Q+ {[%clk 0:21:57]} 1-0

[Event "U14 Polish Youth Championship"]
[Site "chess24.com"]
[Date "2018.04.30"]
[Round "3"]
[White "Suder, Jakub"]
[Black "Panek, Bartosz"]
[Result "0-1"]
[Board "20"]
[WhiteElo "1895"]
[WhiteCountry "POL"]
[WhiteFideId "1195310"]
[WhiteEloChange "-15"]
[BlackElo "1688"]
[BlackCountry "POL"]
[BlackFideId "1198220"]
[BlackEloChange "15"]

1. d4 {[%clk 1:30:57]} g6 {[%clk 1:30:53]} 2. c4 {[%clk 1:31:14]} Nf6 {[%clk
1:31:17]} 3. Nc3 {[%clk 1:31:36]} d5 {[%clk 1:31:41]} 4. cxd5 {[%clk 1:32:01]}
Nxd5 {[%clk 1:32:06]} 5. Bd2 {[%clk 1:32:24]} Bg7 {[%clk 1:29:55]} 6. e4 {[%clk
1:32:41]} Nb6 {[%clk 1:23:07]} 7. Be3 {[%clk 1:33:01]} O-O {[%clk 1:22:59]} 8. h3
{[%clk 1:33:10]} f5 {[%clk 1:22:04]} 9. exf5 {[%clk 1:32:19]} Bxf5 {[%clk
1:22:04]} 10. g4 {[%clk 1:28:19]} Be6 {[%clk 1:20:05]} 11. Bg2 {[%clk 1:28:29]}
c6 {[%clk 1:20:19]} 12. Nge2 {[%clk 1:26:15]} Nd5 {[%clk 1:18:04]} 13. O-O {[%clk
1:24:47]} Na6 {[%clk 1:12:33]} 14. Qd3 {[%clk 1:22:00]} Nac7 {[%clk 1:10:20]} 15.
Rad1 {[%clk 1:20:25]} Qd7 {[%clk 1:09:16]} 16. Ne4 {[%clk 1:16:20]} b6 {[%clk
1:05:34]} 17. a3 {[%clk 1:14:07]} Rad8 {[%clk 1:04:31]} 18. Ng5 {[%clk 1:11:26]}
Kh8 {[%clk 0:46:44]} 19. Bd2 {[%clk 0:59:51]} Bg8 {[%clk 0:44:32]} 20. Qg3 {[%clk
0:56:26]} Ne6 {[%clk 0:43:14]} 21. Nf3 {[%clk 0:56:04]} Qd6 {[%clk 0:35:54]} 22.
Qxd6 {[%clk 0:46:06]} exd6 {[%clk 0:34:25]} 23. Rc1 {[%clk 0:43:14]} c5 {[%clk
0:29:25]} 24. dxc5 {[%clk 0:39:23]} dxc5 {[%clk 0:27:42]} 25. Nc3 {[%clk
0:36:37]} Nef4 {[%clk 0:26:49]} 26. Bxf4 {[%clk 0:33:42]} Nxf4 {[%clk 0:22:54]}
27. Rcd1 {[%clk 0:32:26]} Nxg2 {[%clk 0:19:54]} 28. Rxd8 {[%clk 0:29:46]} Rxd8
{[%clk 0:20:06]} 29. Kxg2 {[%clk 0:30:14]} Bxc3 {[%clk 0:20:03]} 30. bxc3 {[%clk
0:30:41]} Rd3 {[%clk 0:20:25]} 31. Ne5 {[%clk 0:30:36]} Rxc3 {[%clk 0:20:44]} 32.
Rd1 {[%clk 0:30:44]} Rxa3 {[%clk 0:17:37]} 33. g5 {[%clk 0:31:05]} Be6 {[%clk
0:15:19]} 34. Rd8+ {[%clk 0:30:12]} Kg7 {[%clk 0:15:19]} 35. Re8 {[%clk 0:30:12]}
Bxh3+ {[%clk 0:13:47]} 36. Kh2 {[%clk 0:30:36]} Bf5 {[%clk 0:13:32]} 37. Re7+
{[%clk 0:30:22]} Kf8 {[%clk 0:13:55]} 38. Rxh7 {[%clk 0:30:10]} b5 {[%clk
0:13:21]} 39. Rh8+ {[%clk 0:29:21]} Kg7 {[%clk 0:10:52]} 40. Rb8 {[%clk 0:29:46]}
a6 {[%clk 0:11:12]} 41. Rb7+ {[%clk 0:30:06]} Kf8 {[%clk 0:11:28]} 42. Rb8+
{[%clk 0:29:14]} Ke7 {[%clk 0:11:20]} 43. Rb7+ {[%clk 0:29:21]} Ke6 {[%clk
0:10:54]} 44. Nd7 {[%clk 0:29:27]} c4 {[%clk 0:09:58]} 45. Nf8+ {[%clk 0:29:35]}
Ke5 {[%clk 0:10:09]} 46. Re7+ {[%clk 0:29:18]} Kf4 {[%clk 0:10:27]} 47. Nh7
{[%clk 0:29:08]} c3 {[%clk 0:09:21]} 48. Nf6 {[%clk 0:29:31]} c2 {[%clk 0:09:17]}
49. Nd5+ {[%clk 0:29:53]} Kf3 {[%clk 0:09:16]} 50. Re1 {[%clk 0:29:21]} Kxf2
{[%clk 0:09:35]} 0-1

[Event "U14 Polish Youth Championship"]
[Site "chess24.com"]
[Date "2018.04.30"]
[Round "3"]
[White "Gorkiewicz, Mateusz"]
[Black "Wojtasik, Szymon"]
[Result "1-0"]
[Board "21"]
[WhiteElo "1854"]
[WhiteCountry "POL"]
[WhiteFideId "21807299"]
[WhiteEloChange "2"]
[BlackElo "1329"]
[BlackCountry "POL"]
[BlackFideId "21813990"]
[BlackEloChange "-2"]

1. e4 {[%clk 1:30:55]} c5 {[%clk 1:30:59]} 2. Nf3 {[%clk 1:31:15]} Nc6 {[%clk
1:31:25]} 3. d4 {[%clk 1:31:39]} cxd4 {[%clk 1:31:53]} 4. Nxd4 {[%clk 1:32:02]}
g6 {[%clk 1:32:20]} 5. g3 {[%clk 1:32:05]} Bg7 {[%clk 1:32:18]} 6. Ne2 {[%clk
1:32:25]} e6 {[%clk 1:27:57]} 7. Nbc3 {[%clk 1:28:36]} Nge7 {[%clk 1:24:35]} 8.
Bg2 {[%clk 1:28:13]} O-O {[%clk 1:24:17]} 9. O-O {[%clk 1:28:09]} b6 {[%clk
1:20:09]} 10. Be3 {[%clk 1:21:22]} Bb7 {[%clk 1:17:34]} 11. f4 {[%clk 1:19:12]}
Rc8 {[%clk 1:14:54]} 12. Nd4 {[%clk 1:10:38]} Na5 {[%clk 1:00:07]} 13. Rb1 {[%clk
1:02:05]} Nc4 {[%clk 0:56:55]} 14. Qe1 {[%clk 1:00:19]} Nxe3 {[%clk 0:52:12]} 15.
Qxe3 {[%clk 1:00:41]} Rc4 {[%clk 0:50:44]} 16. Rfd1 {[%clk 0:58:56]} d5 {[%clk
0:17:17]} 17. e5 {[%clk 0:55:21]} a6 {[%clk 0:11:19]} 18. Bf1 {[%clk 0:53:17]}
Rc8 {[%clk 0:10:56]} 19. Rd2 {[%clk 0:47:34]} Re8 {[%clk 0:09:10]} 20. Nd1 {[%clk
0:41:41]} Bf8 {[%clk 0:07:23]} 21. Nf2 {[%clk 0:40:25]} Nf5 {[%clk 0:06:41]} 22.
Nxf5 {[%clk 0:39:47]} gxf5 {[%clk 0:06:53]} 23. b4 {[%clk 0:29:03]} Qc7 {[%clk
0:06:01]} 24. Rb3 {[%clk 0:28:10]} Red8 {[%clk 0:05:05]} 25. g4 {[%clk 0:20:44]}
Kh8 {[%clk 0:03:19]} 26. Qh3 {[%clk 0:19:46]} Be7 {[%clk 0:02:33]} 27. Qh5 {[%clk
0:17:27]} d4 {[%clk 0:01:45]} 28. Rh3 {[%clk 0:17:14]} Bh4 {[%clk 0:00:39]} 29.
Qxh4 {[%clk 0:17:27]} Kg7 {[%clk 0:00:35]} 30. Qxh7+ {[%clk 0:17:00]} Kf8 {[%clk
0:01:02]} 31. Qh8+ {[%clk 0:17:14]} Ke7 {[%clk 0:01:29]} 32. Qf6+ {[%clk
0:17:33]} Kd7 {[%clk 0:01:35]} 33. Qxf7+ {[%clk 0:17:50]} Kc6 {[%clk 0:01:59]}
34. Qxe6+ {[%clk 0:18:11]} Rd6 {[%clk 0:01:46]} 35. Qxd6+ {[%clk 0:18:03]} Qxd6
{[%clk 0:01:58]} 36. exd6 {[%clk 0:18:28]} fxg4 {[%clk 0:02:04]} 37. Bg2+ {[%clk
0:18:18]} Kxd6 {[%clk 0:02:13]} 38. Rh6+ {[%clk 0:18:35]} Ke7 {[%clk 0:02:33]}
39. Bxb7 {[%clk 0:18:55]} Rg8 {[%clk 0:02:23]} 40. Kg2 {[%clk 0:19:07]} a5 {[%clk
0:02:41]} 41. bxa5 {[%clk 0:19:30]} d3 {[%clk 0:02:57]} 42. Rxd3 {[%clk 0:19:50]}
b5 {[%clk 0:02:59]} 43. Bc6 {[%clk 0:20:04]} b4 {[%clk 0:03:12]} 44. Rd7+ {[%clk
0:20:23]} Kf8 {[%clk 0:03:25]} 45. Rhh7 {[%clk 0:19:58]} 1-0

[Event "U14 Polish Youth Championship"]
[Site "chess24.com"]
[Date "2018.04.30"]
[Round "3"]
[White "Wasik, Mateusz"]
[Black "Trybus, Daniel"]
[Result "1/2-1/2"]
[Board "22"]
[WhiteElo "1624"]
[WhiteCountry "POL"]
[WhiteFideId "21867666"]
[WhiteEloChange "5"]
[BlackElo "1831"]
[BlackCountry "POL"]
[BlackFideId "21816131"]
[BlackEloChange "-5"]

1. d4 {[%clk 1:30:56]} Nf6 {[%clk 1:30:55]} 2. Bf4 {[%clk 1:31:14]} g6 {[%clk
1:30:45]} 3. Nf3 {[%clk 1:31:32]} Bg7 {[%clk 1:31:09]} 4. e3 {[%clk 1:31:56]} O-O
{[%clk 1:31:10]} 5. Be2 {[%clk 1:31:26]} d6 {[%clk 1:30:33]} 6. h3 {[%clk
1:31:25]} Nbd7 {[%clk 1:30:07]} 7. O-O {[%clk 1:30:41]} Qe8 {[%clk 1:29:04]} 8.
Bh2 {[%clk 1:27:02]} e5 {[%clk 1:29:15]} 9. c3 {[%clk 1:27:14]} Nh5 {[%clk
1:27:09]} 10. Nbd2 {[%clk 1:21:37]} f5 {[%clk 1:26:11]} 11. Qb3+ {[%clk 1:21:20]}
Kh8 {[%clk 1:26:32]} 12. Ng5 {[%clk 1:21:11]} Nb6 {[%clk 1:25:26]} 13. a4 {[%clk
1:14:54]} Qe7 {[%clk 1:17:10]} 14. Ngf3 {[%clk 1:13:00]} Be6 {[%clk 1:14:47]} 15.
Qa3 {[%clk 1:12:09]} e4 {[%clk 1:13:37]} 16. Ne5 {[%clk 1:09:36]} Qg5 {[%clk
1:11:20]} 17. Nec4 {[%clk 1:09:10]} Bd7 {[%clk 1:05:45]} 18. a5 {[%clk 1:09:10]}
Nxc4 {[%clk 1:03:59]} 19. Bxc4 {[%clk 1:07:50]} Rae8 {[%clk 1:03:07]} 20. Qb3
{[%clk 1:04:41]} Bc8 {[%clk 1:01:39]} 21. Qc2 {[%clk 1:03:30]} Qh4 {[%clk
0:52:27]} 22. Be2 {[%clk 1:01:19]} Bh6 {[%clk 0:47:49]} 23. c4 {[%clk 0:59:04]}
f4 {[%clk 0:43:33]} 24. Bxh5 {[%clk 0:56:18]} f3 {[%clk 0:37:42]} 25. Bxf3 {[%clk
0:55:48]} exf3 {[%clk 0:36:29]} 26. Nxf3 {[%clk 0:55:39]} Rxf3 {[%clk 0:21:39]}
27. gxf3 {[%clk 0:55:11]} Bxh3 {[%clk 0:21:57]} 28. Rfe1 {[%clk 0:54:24]} Qg5+
{[%clk 0:18:28]} 29. Bg3 {[%clk 0:54:44]} Qh5 {[%clk 0:18:05]} 30. Qe2 {[%clk
0:54:57]} Rf8 {[%clk 0:17:50]} 31. f4 {[%clk 0:29:04]} Bg4 {[%clk 0:16:22]} 32.
f3 {[%clk 0:29:11]} Bh3 {[%clk 0:16:36]} 33. Kf2 {[%clk 0:26:05]} g5 {[%clk
0:13:02]} 34. b4 {[%clk 0:21:02]} gxf4 {[%clk 0:11:32]} 35. exf4 {[%clk 0:21:02]}
Bxf4 {[%clk 0:11:47]} 36. Bxf4 {[%clk 0:20:56]} Qh4+ {[%clk 0:11:36]} 37. Bg3
{[%clk 0:20:30]} Qxd4+ {[%clk 0:11:53]} 38. Qe3 {[%clk 0:20:09]} Qb2+ {[%clk
0:12:15]} 39. Qe2 {[%clk 0:13:02]} Qd4+ {[%clk 0:12:25]} 1/2-1/2

[Event "U14 Polish Youth Championship"]
[Site "chess24.com"]
[Date "2018.04.30"]
[Round "3"]
[White "Kietrys, Maciej"]
[Black "Bukala, Norbert"]
[Result "1-0"]
[Board "23"]
[WhiteElo "1699"]
[WhiteCountry "POL"]
[WhiteFideId "21820732"]
[WhiteEloChange "4"]
[BlackElo "1453"]
[BlackCountry "POL"]
[BlackFideId "21819971"]
[BlackEloChange "-4"]

1. e4 {[%clk 1:30:58]} c5 {[%clk 1:30:54]} 2. Nc3 {[%clk 1:31:03]} d6 {[%clk
1:31:01]} 3. g3 {[%clk 1:30:39]} Nc6 {[%clk 1:30:07]} 4. Bg2 {[%clk 1:31:01]} g6
{[%clk 1:30:14]} 5. d3 {[%clk 1:31:24]} Bg7 {[%clk 1:30:30]} 6. Be3 {[%clk
1:31:15]} Rb8 {[%clk 1:27:43]} 7. Qd2 {[%clk 1:31:17]} Nf6 {[%clk 1:25:01]} 8. h3
{[%clk 1:30:23]} b5 {[%clk 1:21:08]} 9. Nge2 {[%clk 1:30:26]} O-O {[%clk
1:16:19]} 10. O-O {[%clk 1:28:31]} Nd7 {[%clk 1:09:36]} 11. Nd1 {[%clk 1:27:55]}
Bb7 {[%clk 1:01:23]} 12. c3 {[%clk 1:26:55]} b4 {[%clk 0:57:11]} 13. d4 {[%clk
1:25:08]} cxd4 {[%clk 0:54:55]} 14. cxd4 {[%clk 1:25:14]} Nb6 {[%clk 0:51:02]}
15. b3 {[%clk 1:24:03]} Ba6 {[%clk 0:44:12]} 16. Re1 {[%clk 1:22:00]} Qd7 {[%clk
0:39:49]} 17. Rc1 {[%clk 1:19:32]} Rfc8 {[%clk 0:39:02]} 18. Nb2 {[%clk 1:16:22]}
Nd8 {[%clk 0:28:20]} 19. Nd3 {[%clk 1:16:08]} Bxd3 {[%clk 0:25:50]} 20. Qxd3
{[%clk 1:16:19]} e6 {[%clk 0:19:42]} 21. Kh2 {[%clk 1:14:55]} Qb7 {[%clk
0:11:48]} 22. f4 {[%clk 1:11:11]} d5 {[%clk 0:05:34]} 23. e5 {[%clk 1:10:56]} a6
{[%clk 0:04:24]} 24. g4 {[%clk 1:10:55]} Rxc1 {[%clk 0:03:47]} 25. Rxc1 {[%clk
1:11:14]} Rc8 {[%clk 0:04:11]} 26. Rf1 {[%clk 1:09:02]} Nd7 {[%clk 0:01:03]} 27.
f5 {[%clk 1:04:48]} Nxe5 {[%clk 0:00:57]} 28. dxe5 {[%clk 1:03:31]} Bxe5+ {[%clk
0:01:23]} 29. Kh1 {[%clk 1:02:47]} Bb8 {[%clk 0:00:42]} 30. Bh6 {[%clk 1:00:06]}
Be5 {[%clk 0:00:42]} 31. fxe6 {[%clk 0:58:21]} Nxe6 {[%clk 0:00:43]} 32. Qxd5
{[%clk 0:56:49]} Qc7 {[%clk 0:00:34]} 33. Rc1 {[%clk 0:55:50]} Nc5 {[%clk
0:00:32]} 34. Be3 {[%clk 0:54:16]} Bd6 {[%clk 0:00:37]} 35. Rd1 {[%clk 0:49:21]}
Be7 {[%clk 0:00:32]} 36. Bxc5 {[%clk 0:46:54]} Bxc5 {[%clk 0:00:33]} 37. Rc1
{[%clk 0:43:43]} Qb6 {[%clk 0:00:31]} 38. Nf4 {[%clk 0:41:32]} Rc7 {[%clk
0:00:32]} 39. Nd3 {[%clk 0:40:44]} Bd6 {[%clk 0:00:33]} 40. Rxc7 {[%clk 0:38:05]}
Qxc7 {[%clk 0:00:53]} 41. Qa8+ {[%clk 0:34:45]} Kg7 {[%clk 0:00:56]} 42. Qxa6
{[%clk 0:33:44]} Qe7 {[%clk 0:00:50]} 43. Qc6 {[%clk 0:33:02]} Bg3 {[%clk
0:00:32]} 44. Qe4 {[%clk 0:30:38]} Qf6 {[%clk 0:00:31]} 45. Qe2 {[%clk 0:28:43]}
Qa1+ {[%clk 0:00:43]} 46. Bf1 {[%clk 0:28:21]} Kg8 {[%clk 0:00:36]} 47. Nxb4
{[%clk 0:27:21]} Qd4 {[%clk 0:00:45]} 48. Nd3 {[%clk 0:26:44]} Bc7 {[%clk
0:00:35]} 49. b4 {[%clk 0:25:43]} Bb6 {[%clk 0:00:32]} 50. Qe8+ {[%clk 0:25:29]}
Kg7 {[%clk 0:00:51]} 51. Qe5+ {[%clk 0:25:55]} f6 {[%clk 0:01:05]} 52. Qxd4
{[%clk 0:26:19]} Bxd4 {[%clk 0:01:29]} 53. a4 {[%clk 0:26:20]} Kf7 {[%clk
0:01:52]} 54. a5 {[%clk 0:26:14]} Ke7 {[%clk 0:02:15]} 55. b5 {[%clk 0:26:40]}
Kd8 {[%clk 0:02:33]} 56. Nb4 {[%clk 0:25:50]} Bc3 {[%clk 0:02:45]} 57. Nc6+
{[%clk 0:26:00]} Kc7 {[%clk 0:03:07]} 58. Bg2 {[%clk 0:26:10]} f5 {[%clk
0:03:12]} 59. b6+ {[%clk 0:24:07]} Kc8 {[%clk 0:03:13]} 60. a6 {[%clk 0:24:20]}
1-0

[Event "U14 Polish Youth Championship"]
[Site "chess24.com"]
[Date "2018.04.30"]
[Round "3"]
[White "Bartoszewski-Reiski, Olaf"]
[Black "Czarniecki, Pawel"]
[Result "1-0"]
[Board "24"]
[WhiteElo "1668"]
[WhiteCountry "POL"]
[WhiteFideId "21819351"]
[WhiteEloChange "4"]
[BlackElo "1412"]
[BlackCountry "POL"]
[BlackFideId "21810109"]
[BlackEloChange "-4"]

1. e4 {[%clk 1:30:30]} c5 {[%clk 1:30:30]} 2. Nf3 {[%clk 1:31:17]} e6 {[%clk
1:31:20]} 3. d4 {[%clk 1:31:28]} cxd4 {[%clk 1:31:43]} 4. Nxd4 {[%clk 1:32:12]}
a6 {[%clk 1:32:07]} 5. Nc3 {[%clk 1:32:12]} Qc7 {[%clk 1:32:30]} 6. Bd3 {[%clk
1:32:32]} b5 {[%clk 1:32:53]} 7. Qe2 {[%clk 1:30:51]} d6 {[%clk 1:32:52]} 8. Bd2
{[%clk 1:28:49]} Bb7 {[%clk 1:33:17]} 9. a4 {[%clk 1:23:58]} b4 {[%clk 1:28:14]}
10. Nd1 {[%clk 1:23:25]} a5 {[%clk 1:27:15]} 11. Nb5 {[%clk 1:19:45]} Qd7 {[%clk
1:24:23]} 12. Ne3 {[%clk 1:14:40]} Nf6 {[%clk 1:21:42]} 13. Nc4 {[%clk 1:14:40]}
Qc6 {[%clk 1:21:42]} 14. f3 {[%clk 1:13:01]} Nbd7 {[%clk 1:20:37]} 15. e5 {[%clk
1:08:17]} dxe5 {[%clk 1:15:03]} 16. Nxe5 {[%clk 1:05:19]} Qc8 {[%clk 1:13:57]}
17. Bf4 {[%clk 1:03:53]} Nd5 {[%clk 1:12:41]} 18. Bg3 {[%clk 1:01:22]} Be7 {[%clk
1:07:07]} 19. Nc4 {[%clk 0:53:27]} O-O {[%clk 1:07:15]} 20. Ncd6 {[%clk 0:50:17]}
Bxd6 {[%clk 1:06:06]} 21. Nxd6 {[%clk 0:50:11]} Qc7 {[%clk 0:57:51]} 22. Nxf7
{[%clk 0:47:48]} Nf4 {[%clk 0:57:42]} 23. Ng5 {[%clk 0:43:39]} Ne5 {[%clk
0:44:10]} 24. Bxh7+ {[%clk 0:41:37]} Kh8 {[%clk 0:44:27]} 25. Bxf4 {[%clk
0:39:15]} Rxf4 {[%clk 0:43:08]} 26. Nxe6 {[%clk 0:35:22]} Qf7 {[%clk 0:39:32]}
27. Nxf4 {[%clk 0:35:23]} Kxh7 {[%clk 0:39:14]} 28. Nd3 {[%clk 0:32:17]} Nc4
{[%clk 0:35:27]} 29. O-O {[%clk 0:30:33]} Re8 {[%clk 0:35:19]} 30. Qf2 {[%clk
0:30:44]} Kg8 {[%clk 0:25:47]} 31. Rfe1 {[%clk 0:30:14]} Rf8 {[%clk 0:25:00]} 32.
b3 {[%clk 0:28:42]} Nd6 {[%clk 0:23:56]} 33. Re2 {[%clk 0:28:22]} Qg6 {[%clk
0:23:53]} 34. Kh1 {[%clk 0:26:08]} Ne4 {[%clk 0:22:32]} 35. Qh4 {[%clk 0:24:44]}
Nc3 {[%clk 0:22:13]} 36. Rf2 {[%clk 0:23:46]} Qd6 {[%clk 0:16:19]} 37. Re1 {[%clk
0:21:07]} Nd5 {[%clk 0:13:05]} 38. Qc4 {[%clk 0:19:23]} Kh8 {[%clk 0:10:08]} 39.
Qc5 {[%clk 0:18:01]} Qd8 {[%clk 0:09:15]} 40. Ne5 {[%clk 0:16:56]} Rf6 {[%clk
0:08:16]} 41. Qb5 {[%clk 0:16:05]} Qc7 {[%clk 0:02:56]} 42. Qe8+ {[%clk 0:15:03]}
Kh7 {[%clk 0:03:18]} 43. Ng4 {[%clk 0:12:25]} Rg6 {[%clk 0:01:18]} 44. Re5 {[%clk
0:12:20]} Nf6 {[%clk 0:00:42]} 45. Nxf6+ {[%clk 0:12:35]} Rxf6 {[%clk 0:01:06]}
46. Rh5+ {[%clk 0:12:22]} Rh6 {[%clk 0:01:30]} 47. Rxh6+ {[%clk 0:12:33]} Kxh6
{[%clk 0:01:36]} 48. Qh8+ {[%clk 0:12:48]} Kg6 {[%clk 0:01:48]} 49. Re2 {[%clk
0:12:22]} Qd6 {[%clk 0:01:51]} 50. Qe8+ {[%clk 0:12:42]} Kf6 {[%clk 0:01:51]} 51.
Kg1 {[%clk 0:11:46]} Qd4+ {[%clk 0:01:37]} 52. Qe3 {[%clk 0:11:56]} Qd1+ {[%clk
0:01:52]} 53. Kf2 {[%clk 0:12:07]} Qd6 {[%clk 0:02:04]} 54. h4 {[%clk 0:12:15]}
Kf7 {[%clk 0:01:08]} 55. Rd2 {[%clk 0:11:57]} Qc7 {[%clk 0:00:58]} 56. Qd4 {[%clk
0:12:05]} Bc6 {[%clk 0:00:51]} 57. Qc4+ {[%clk 0:11:38]} Kg6 {[%clk 0:00:44]} 58.
Qg4+ {[%clk 0:11:34]} Kh6 {[%clk 0:00:40]} 59. Qg5+ {[%clk 0:11:31]} Kh7 {[%clk
0:01:04]} 60. Qf5+ {[%clk 0:11:16]} Kg8 {[%clk 0:01:06]} 61. Qd3 {[%clk 0:10:51]}
Qb6+ {[%clk 0:00:47]} 62. Qd4 {[%clk 0:11:20]} Qa6 {[%clk 0:00:39]} 63. Qd8+
{[%clk 0:11:32]} Kf7 {[%clk 0:00:36]} 64. Qc7+ {[%clk 0:10:11]} Kg8 {[%clk
0:00:59]} 65. h5 {[%clk 0:09:52]} Be8 {[%clk 0:00:43]} 66. Rd6 {[%clk 0:08:46]}
Qa8 {[%clk 0:00:51]} 67. Rd8 {[%clk 0:09:01]} Qa6 {[%clk 0:01:14]} 68. Rxe8+
{[%clk 0:09:12]} Kh7 {[%clk 0:01:38]} 69. Re7 {[%clk 0:08:44]} Qf6 {[%clk
0:01:49]} 70. Rxg7+ {[%clk 0:08:58]} Qxg7 {[%clk 0:02:06]} 71. Qxg7+ {[%clk
0:09:23]} Kxg7 {[%clk 0:02:32]} 72. g4 {[%clk 0:09:48]} Kf6 {[%clk 0:02:54]} 73.
Ke3 {[%clk 0:10:00]} Kg5 {[%clk 0:03:02]} 74. Kd4 {[%clk 0:10:21]} Kf6 {[%clk
0:03:17]} 75. f4 {[%clk 0:10:45]} Kg7 {[%clk 0:03:42]} 76. g5 {[%clk 0:11:09]}
Kf7 {[%clk 0:04:04]} 77. f5 {[%clk 0:11:31]} Kg7 {[%clk 0:04:16]} 78. f6+ {[%clk
0:11:50]} Kf7 {[%clk 0:04:31]} 79. h6 {[%clk 0:12:16]} Kg6 {[%clk 0:04:51]} 80.
Kc5 {[%clk 0:12:38]} Kh7 {[%clk 0:05:10]} 81. f7 {[%clk 0:12:45]} Kg6 {[%clk
0:05:36]} 82. f8Q {[%clk 0:13:05]} Kh5 {[%clk 0:05:58]} 83. h7 {[%clk 0:13:29]}
Kg6 {[%clk 0:06:06]} 84. h8Q {[%clk 0:13:48]} Kxg5 {[%clk 0:06:31]} 85. Qhg7+
{[%clk 0:14:13]} Kh5 {[%clk 0:06:53]} 86. Qfh8# {[%clk 0:14:30]} 1-0